| 000 | 00415 a2200157 4500 | ||
|---|---|---|---|
| 005 | 20250625080539.0 | ||
| 020 | _a978-0-618-80220-3 | ||
| 082 | _a519BRA | ||
| 100 | _aBRASE, C. H. | ||
| 245 | _aUnderstandable Statistics | ||
| 250 | _a8th Ed. | ||
| 260 |
_aNew York, _bHoughton Mifflin Company _c2005 |
||
| 300 |
_aix, 807p.; ill.; figure, table, picture _bIndex _c24cm |
||
| 700 | _aBRASE, C. P. | ||
| 942 |
_2ddc _cBKS |
||
| 999 |
_c4949 _d4949 |
||